| 000 | 00469nam a2200169 i 4500 | ||
|---|---|---|---|
| 001 | 71686 | ||
| 003 | ES-MaACL | ||
| 005 | 20250807122958.0 | ||
| 008 | 040817s1917 fr |||| |bfre d | ||
| 100 | 1 |
_aGermain, André. _956465 |
|
| 245 | 1 | 0 |
_aRenée Vivien / _cAndré Germain. |
| 260 |
_aParís : _bG. Crés & Cie, _c1917. |
||
| 300 |
_a190 p. ; _c17 cm. |
||
| 600 | 1 | 7 |
_aVivien, Renée, _d1877-1909 _2 _9170856 |
| 852 |
_aES-MaACL _jG-3559 |
||
| 999 |
_c71686 _d71686 |
||